Manual de contabilidad (Record no. 7696)

MARC details
000 -LEADER
campo de control de longitud fija 00714nam a2200229 i 4500
001 - NÚMERO DE CONTROL
campo de control 7696
003 - IDENTIFICADOR DE NÚMERO DE CONTROL
campo de control ES-MaACL
005 - FECHA Y HORA DE LA ÚLTIMA TRANSACCIÓN
campo de control 20230906145308.0
007 - CAMPO FIJO DE DESCRIPCIÓN FÍSICA--INFORMACIÓN GENERAL
campo de control de longitud fija t|
008 - DATOS DE LONGITUD FIJA--INFORMACIÓN GENERAL
campo de control de longitud fija 910323s1991 sp ||||1| spa d
020 ## - NÚMERO INTERNACIONAL ESTÁNDAR DEL LIBRO
Número Internacional Estándar del Libro 84-368-0563-1 (O.C.)
080 ## - NÚMERO DE LA CLASIFICACIÓN DECIMAL UNIVERSAL
Número de la Clasificación Decimal Universal 657
100 1# - ENTRADA PRINCIPAL--NOMBRE DE PERSONA
Nombre de persona Buireu Guarro, Jorge.
9 (RLIN) 32462
245 10 - MENCIÓN DEL TÍTULO
Título Manual de contabilidad
Resto del título : nuevo Plan General /
Mención de responsabilidad, etc. Jorge Buireu Guarro, Susana Buireu Buades.
260 ## - PUBLICACIÓN, DISTRIBUCIÓN, ETC.
Lugar de publicación, distribución, etc. Madrid :
Nombre del editor, distribuidor, etc. Piramide,
Fecha de publicación, distribución, etc. D.L. 1991.
300 ## - DESCRIPCIÓN FÍSICA
Extensión 2 v. ;
Dimensiones 24 cm.
500 ## - NOTA GENERAL
Nota general Indice analitico.
650 14 - PUNTO DE ACCESO ADICIONAL DE MATERIA--TÉRMINO DE MATERIA
Término de materia o nombre geográfico como elemento de entrada Contabilidad-
Subdivisión geográfica España.
9 (RLIN) 11308
700 1# - ENTRADA AGREGADA--NOMBRE PERSONAL
Nombre de persona Buireu Buades, Susana.
9 (RLIN) 32461
740 0# - ENTRADA AGREGADA--TÍTULO RELACIONADO/ANALÍTICO NO CONTROLADO
Título relacionado o analítico no controlado Plan general de contabilidad.
852 ## - LOCALIZACIÓN
Ubicación ES-MaACL
Número de control de estantería L-14984-85
Sublocalización o colección R.119372
Nota libre . - rust.
Holdings
Estatus retirado Estado de pérdida Estado de daño No para préstamo Biblioteca de origen Biblioteca actual Ubicación en estantería Fecha de adquisición Fuente de adquisición Total de préstamos Signatura topográfica completa Código de barras Visto por última vez Precio de reemplazo Tipo de ítem Koha
        Biblioteca del Ateneo de Madrid Biblioteca del Ateneo de Madrid Depósito 2 17/01/2008     L-14984-85 1007850 23/02/2023 23/02/2023 Libro impreso